Responses for show #3951 - Monday, November 5, 2001

Trevor Norris game 1.

Contestants

Trevor Norris, a management analyst from Washington, D.C.

Mary-Beth Prokop, an administrator from Annapolis, Maryland

Ulhas Rajurkar, a human resources specialist from Lorton, Virginia (whose 3-day cash winnings total $28,799)

Jeopardy! Round responses

STATE CAPITALS
POLLY'S CATEGORY
(Alex: Each correct response will include a variation on Polly.)
ECONOMICS
12-LETTER WORDS
THAT WAS NO LADY
THAT WAS MY WIFE
(Alex: We want you to name the husband.)
    $100 1
Albany

Ulhas
    $100 6
polliwog

Trevor
    $100 11
(Mary-Beth: What is the World Bank?)

United Nations

UlhasMary-Beth
    $100 26
frankincense

Ulhas
    $100 21
David Spade

Trevor
    $100 16
George Washington

Ulhas
    $200 2
Springfield

Ulhas
    $200 7
Pollyanna

Trevor
    $200 12
Gross Domestic Product

Ulhas
    $200 27
(Mary-Beth: What is a racehorse?)

thoroughbred

Mary-BethTrevor
    $200 22
Jamie Farr

Trevor
    $200 17
Richard Burton

Ulhas
    $300 3
Harrisburg

Trevor
    $300 8
PoliGrip

Mary-Beth
    $300 13
recession

Ulhas
    $300 28
bicentennial

Ulhas
    $300 23
Tom Cruise

Ulhas
    $300 18
Henry VIII

Ulhas
    $500 4
Baton Rouge

Trevor
    $400 9
Pauly Shore

Trevor
    $400 14
socialism

Trevor
    $400 29
cartographer

Mary-Beth
    $400 24
Milton Berle

Ulhas
    $400 19
Juan Peron

Ulhas
    $500 5
Honolulu

Trevor
    $500 10
(Trevor: What is a polytheist?)
...
(Alex: And aren't you glad we're done with Polly? I won't tell you which member of our staff contributed his voice!)

polytheistic

Trevor
    $500 15
Adam Smith

Trevor
    $500 30
(Mary-Beth: What is echoreflection?)

echolocation

Mary-Beth
Triple Stumper
    $500 25
Tom Hanks

Ulhas
    $500 20
Napoleon

Mary-Beth

Scores at the first commercial break (after clue 15):

Ulhas Mary-Beth Trevor
$900 $200 $3,400

Scores at the end of the Jeopardy! Round:

Ulhas Mary-Beth Trevor
$3,500 $400 $3,900

Double Jeopardy! Round responses

BRITISH ART & ARTISTS
ENTERTAINMENT MILESTONES
THE NIXON ERA
VALUES
CURMUDGEONLY QUOTES
DOUBLE LETTERS
(Alex: Double letters will occur in each correct response.)
    $200 7
winter

Trevor
    $200 12
(Trevor: Who is Clapton?)

Bob Dylan

Trevor
Triple Stumper
    $200 2
the CIA

Trevor
    $200 26
(Ulhas: What is a pound?)
(Mary-Beth: What is a quart?)

pint

UlhasMary-Beth
Triple Stumper
    $200 1
George Bernard Shaw

Ulhas
    $200 17
(Mary-Beth: What is a didgery?)

kangaroo

Mary-Beth
Triple Stumper
    $400 8
Queen Elizabeth I

Ulhas
    $400 13
60

Trevor
    $400 3
G. Gordon Liddy

Ulhas
    $400 27
measure/bar

Mary-Beth
    $400 22
Annie Hall

Trevor
    $400 18
jazz

Trevor
    $600 9
(Ulhas: Who is Smith?)

Captain James Cook

Ulhas
Triple Stumper
    $600 14
(Trevor: What is Technicolor?)
...
(Alex: That's a more specific process and didn't happen until six years later.)

color

UlhasTrevor
    $600 4
Anderson

Ulhas
    $600 29
100

Mary-Beth
    $600 23
Oscar Wilde

Ulhas
    $600 19
hammock

Mary-Beth
    $800 10
George III

Ulhas
    $800 15
Jafar

Trevor
    $1,000 5
H.R. Haldeman

Ulhas
    $800 28
degree

Mary-Beth
    $800 24
"Watership Down"

Ulhas
    $800 20
(Ulhas: What is a belly flop?)

a cannonball

UlhasTrevor
    $1000 11
David Hockney

Triple Stumper
    $1000 16
the BBC

Mary-Beth
    $1000 6
Birch Bayh, Jr.

Triple Stumper
    $1000 30
(Alex: Pick an element that'll fry you!)

radium

Triple Stumper
    $200 25
(Ulhas: What is Tartuffe?)
...
(Alex: We have less than a minute to go now.)

The Misanthrope

Ulhas
    $1000 21
cobblestone

Trevor

Scores at the end of the Double Jeopardy! Round:

Ulhas Mary-Beth Trevor
$7,100 $3,400 $7,300

[wagering suggestions for these scores]

Final Jeopardy! Round responses

ROYALTY
Mary-BethWhat is Thailand?
$3,300
UlhasWhat is I wish I knew?
$300
TrevorWhat is Thailand?
$6,901
Thailand

Final scores:

Ulhas Mary-Beth Trevor
$6,800 $6,700 $14,201
2nd place: Trip to Hakai Beach Resort, Vancouver, British Columbia 3rd place: HSN.com Shopping Spree New champion: $14,201

Game dynamics:

Coryat scores:

Ulhas Mary-Beth Trevor
$7,100 $3,400 $7,200
23 R
(including 1 DD),
4 W
(including 1 DD)
8 R,
5 W
20 R
(including 1 DD),
2 W

Combined Coryat: $17,700

The J! Archive is created by fans, for fans. The Jeopardy! game show and all elements thereof, including but not limited to copyright and trademark thereto, are the property of Jeopardy Productions, Inc. and are protected under law. This website is not affiliated with, sponsored by, or operated by Jeopardy Productions, Inc. Join the discussion at JBoard.tv.